| 000 | 00436nam a22001457a 4500 | ||
|---|---|---|---|
| 082 |
_a940.54 _bGUD _cP-30-II, P-73 |
||
| 100 |
_aGuderian, Heinz _946242 |
||
| 245 |
_aPanzer Leader _cGuderian, Heinz |
||
| 260 |
_aLondon _bMichael Joseph _cc1952 |
||
| 300 |
_ap 528 _bill _c18cn |
||
| 526 |
_a0 _b0 _c0 _d940_540000000000000_GUD |
||
| 526 |
_a0 _b0 _c0 _d940_540000000000000_GUD |
||
| 526 |
_a0 _b0 _c0 _d940_540000000000000_GUD |
||
| 942 |
_2ddc _cBK |
||
| 999 |
_c549603 _d549603 |
||